00641nam a2200169Ia 4500008004100000041000800041082001500049100002200064245004600086260003000132300000800162365001600170700003400186906004300220999001900263952018900282230718s9999 xx 000 0 und d aeng a574.2bSET aSetubal J9148290 aIntroducation To Computational Moleculary c1997bThomson Publication a296 cRs.b457.00 aSetubal J & Merdans J9188515 dB:5338/07.200402-Sep-2005cMATHSb91.4 c308201d308201 00104070aCCEPbCCEPd2004-08-06eTechnical Book ServicesfMATHSg365.60i5338/07.2004l1o574.2pCCEP-BK-19408r2024-01-24 00:00:00s2024-01-11t91.4v457.00w2005-09-02yBKz019408